| 000 | 01103nam0a22002891 4500 | ||
|---|---|---|---|
| 001 | rc\351065 | ||
| 005 | 20250621040850.0 | ||
| 010 |
_a5-05-002380-7 _950000 |
||
| 035 | _a(NLR Aleph) 005565570 | ||
| 090 |
_a5957285 _c5957285 |
||
| 100 | _a20030307d1989 |||y0rusy50 ca | ||
| 101 | 0 | _arus | |
| 102 | _aRU | ||
| 105 | _aa ||||||||| | ||
| 200 | 1 |
_aКто помнит о море _aПляска смерти _aБог в стране варваров _aПовелитель охоты _eРоманы _eПер. с фр. _fМухаммед Диб _g[Сост. и вступ. ст. С. Прожогиной _gХудож. В. Алексеев] |
|
| 210 |
_aМ. _cРадуга _d1989 |
||
| 215 |
_a413, [2] с. _cил. _d22 |
||
| 225 | 1 |
_aМастера современной прозы _iАлжир |
|
| 700 | 1 |
_7ca _8rus _aДиб _bМ. _f1920-2003 _gМухаммед _9219775 _3RU\NLR\AUTH\770219831 |
|
| 801 | 0 |
_aRU _bNLR _gpsbo |
|
| 801 | 1 |
_aRU _bELAR _2rusmarc |
|
| 852 |
_aNLR _bОЛСАА-сл-спр _j3-3017 |
||
| 852 |
_aNLR _j89-5/4411 |
||
| 942 | _cBOOK | ||
| 980 | _aNB | ||
| 980 | 1 | _aSL_SPR | |